| 000 | 00764nam a22002177a 4500 | ||
|---|---|---|---|
| 999 |
_c214 _d214 |
||
| 003 | AR-CdUCM | ||
| 008 | 190222b ||||| |||| 00| 0 spa d | ||
| 040 |
_aMUNICIPALIDAD PROVINCIAL DEL CUSCO _cBIBLIOTECA MUNICIPAL DEL CUSCO |
||
| 082 |
_a920.985 / _bV29 |
||
| 100 |
_aVarillas Montenegro, Alberto _9957 |
||
| 245 |
_aFelipe Pardo y Aliaga / _cVarillas Montenegro, Alberto |
||
| 260 |
_aLima : _bBrasa, _c1995. |
||
| 300 |
_a124 páginas ; _c21 cm. |
||
| 440 |
_aForjadores del Perú _9958 |
||
| 505 | _aLos años de formación -- Pardo en el Perú -- Pardo el periodista -- Pardo y el teatro -- Pardo y la educación. | ||
| 650 |
_aLiteratos. _9754 |
||
| 650 |
_aPerú. _935 |
||
| 650 |
_aBiografía. _922 |
||
| 942 |
_2ddc _cLIBROS |
||
| 945 |
_admma _d2019-02-22 |
||